000 00574nam a22001817a 4500
003 UA-OsUOA
001 7969
007 ta
008 20040723b un ||||| |||| 00| 0 ukr d
100 _aБобко А.
942 _cSA
040 _aUA-OsUOA
_cUA-OsUOA
_dUA-OsUOA
245 _aОкремі аспекти економіки сучасного лісництва в Україні
300 _aС.41-48
955 _a0
773 0 _w0
_tЕкономіка України
_dКиїв
_d2004
_g№7
650 7 _aЕкономіка лісового господарства
_2UDC
999 _c294130
_d294130